| 000 | 00764nam a2200205 a 4500 | ||
|---|---|---|---|
| 001 | 000027065 | ||
| 005 | 20240530073919.0 | ||
| 008 | 110329s1925 dr g 000 0 spa d | ||
| 040 |
_aDO-SdBNP _bspa _cBNPHU |
||
| 082 |
_aRD863.42 _bS197z |
||
| 100 | 1 |
_aSanabia, Rafael Emilio _d1888 -1973 _954149 |
|
| 245 | 1 | 0 |
_aZarpas y verdugos / _cRafael Sanabia ; prólogo Américo Lugo. |
| 260 |
_aSanto Domingo : _bImprenta La Cuna de América, _c1925. |
||
| 300 |
_a224, xxiii p. ; _c20 cm. |
||
| 650 | 0 |
_aNovela dominicana _9223 |
|
| 650 | 0 |
_aLiteratura dominicana. _967 |
|
| 651 | 4 |
_aRepública Dominicana _xHistoria _yOCUPACIÓN NORTEAMERICANA, 1916-1924 _xNovela _954150 |
|
| 700 | 1 |
_aLugo, Américo _d1870-1952 _epról. _981550 |
|
| 910 | _aValidado. Control de calidad EMS. | ||
| 999 |
_c26557 _d26557 |
||